[Event "67th POL-ch"]
[Site "Warsaw POL"]
[Date "2011.02.12"]
[Round "1"]
[White "Staniszewski, Piotr"]
[Black "Gajewski, Grzegorz"]
[Result "1/2-1/2"]
[WhiteElo "2407"]
[BlackElo "2569"]
[PlyCount "153"]
[EventDate "2011.02.12"]

1. d4 Nf6 2. c4 e6 3. Nf3 d5 4. Nc3 Bb4 5. cxd5 exd5 6. Bg5 O-O 7. Rc1 Nbd7 8.
Nd2 c6 9. e3 Re8 10. Bd3 Nf8 11. a3 Bd6 12. Qf3 Be7 13. O-O Ng6 14. Rfe1 h6 15.
Bxf6 Bxf6 16. g3 Nf8 17. Qg2 Ne6 18. f4 b6 19. Nf3 Bb7 20. Ne5 a6 21. Bb1 c5
22. Qc2 Nf8 23. Rcd1 Rc8 24. Qg2 b5 25. Ba2 c4 26. Bb1 Be7 27. Qh3 Rc7 28. Qh5
Bd6 29. Ng4 Rd7 30. Bc2 Bb8 31. Rd2 Rd6 32. Ne5 Re7 33. g4 Qe8 34. Rg2 f6 35.
Qxe8 Rxe8 36. Nf3 Rde6 37. Kf2 R6e7 38. h4 Bc6 39. g5 hxg5 40. hxg5 Kf7 41.
gxf6 gxf6 42. Reg1 Ke6 43. Nh4 Rb7 44. Nf5 Kd7 45. Rg7+ Kd8 46. Bd1 Rxg7 47.
Nxg7 Re7 48. Nf5 Rh7 49. Bf3 Rh2+ 50. Rg2 Rxg2+ 51. Bxg2 a5 52. Nxd5 Bxd5 53.
Bxd5 Nd7 54. Bc6 b4 55. Ke2 Nb6 56. Kd2 Nc8 57. Bb5 c3+ 58. bxc3 Nd6 59. Nxd6
bxc3+ 60. Kxc3 Bxd6 61. Bd3 Ke7 62. Bf5 Bxa3 63. Kc2 Kf7 64. e4 Bd6 65. e5 Bc7
66. Kd3 Ke7 67. Ke4 Bb6 68. Bg4 Ba7 69. Bh5 Bb6 70. Bg6 Ba7 71. Bh7 Bb6 72. Bg8
Ba7 73. d5 fxe5 74. Kxe5 Bb8+ 75. Kf5 Bc7 76. Kg5 Bd6 77. Kg6 1/2-1/2

[Event "67th POL-ch"]
[Site "Warsaw POL"]
[Date "2011.02.12"]
[Round "1"]
[White "Sadzikowski, Daniel"]
[Black "Jaracz, Pawel"]
[Result "0-1"]
[WhiteElo "2389"]
[BlackElo "2543"]
[PlyCount "78"]
[EventDate "2011.02.12"]

1. e4 c6 2. d4 d5 3. Nc3 dxe4 4. Nxe4 Bf5 5. Ng3 Bg6 6. h4 h6 7. Nf3 Nd7 8. h5
Bh7 9. Bd3 Bxd3 10. Qxd3 e6 11. Bd2 Ngf6 12. O-O-O Be7 13. Kb1 Qb6 14. Ne4 Rd8
15. Nxf6+ Nxf6 16. Qe2 c5 17. dxc5 Bxc5 18. Bc3 O-O 19. Bxf6 gxf6 20. c3 Bxf2
21. Rdf1 Be3 22. Rh4 Bg5 23. Rb4 Qc6 24. Nxg5 fxg5 25. Rf6 Rd5 26. Rc4 Qd6 27.
Qe4 Re5 28. Rd4 Rxe4 29. Rxd6 Re1+ 30. Kc2 Re2+ 31. Kd3 Rxb2 32. Rd7 Rxg2 33.
Rxb7 Rxa2 34. c4 g4 35. c5 g3 36. Rb4 Kg7 37. Rf3 Ra3+ 38. Ke2 Rxf3 39. Kxf3
Rc8 0-1

[Event "67th POL-ch"]
[Site "Warsaw POL"]
[Date "2011.02.12"]
[Round "1"]
[White "Mista, Aleksander"]
[Black "Kanarek, Marcel"]
[Result "1/2-1/2"]
[WhiteElo "2565"]
[BlackElo "2405"]
[PlyCount "99"]
[EventDate "2011.02.12"]

1. e4 c5 2. Nf3 Nc6 3. d4 cxd4 4. Nxd4 g6 5. c4 Nf6 6. Nc3 d6 7. Be2 Nxd4 8.
Qxd4 Bg7 9. Be3 O-O 10. Qd2 a5 11. Rd1 Be6 12. O-O a4 13. f4 Qa5 14. Bd4 Rfc8
15. b3 axb3 16. axb3 Qa3 17. f5 Bd7 18. Bxf6 Bxf6 19. Nd5 Bc6 20. Nxf6+ exf6
21. fxg6 hxg6 22. Rxf6 Bxe4 23. Bf3 Bxf3 24. Rxf3 Qc5+ 25. Kh1 Qe5 26. Re3 Qf6
27. Qd5 Ra1 28. Ree1 Rxd1 29. Rxd1 Ra8 30. h3 Ra1 31. Rxa1 Qxa1+ 32. Kh2 Qa6
33. b4 Qb6 34. b5 Kg7 35. Qe4 Qc7 36. g3 Qb6 37. Kg2 Qc7 38. h4 Qb6 39. Qe7 Kg8
40. Kf3 Kg7 41. Qe3 Qc7 42. Qd4+ Kh7 43. g4 Qe7 44. Qd5 Qf6+ 45. Ke4 Qf1 46.
Qd4 Qh1+ 47. Kd3 Qd1+ 48. Kc3 Qa1+ 49. Kd3 Qd1+ 50. Kc3 1/2-1/2

[Event "67th POL-ch"]
[Site "Warsaw POL"]
[Date "2011.02.12"]
[Round "1"]
[White "Kempinski, Robert"]
[Black "Dragun, Kamil"]
[Result "1/2-1/2"]
[WhiteElo "2600"]
[BlackElo "2432"]
[PlyCount "112"]
[EventDate "2011.02.12"]

1. d4 Nf6 2. Nf3 g6 3. g3 Bg7 4. Bg2 d5 5. c4 c6 6. Nbd2 O-O 7. O-O Bf5 8. b3
a5 9. Ba3 Na6 10. Nh4 Bd7 11. Ndf3 Ne4 12. Ne5 Be6 13. Qc2 Nd6 14. e3 Rc8 15.
c5 Nb5 16. Bb2 b6 17. a4 Nb4 18. Qd2 Nc7 19. cxb6 Nca6 20. b7 Rb8 21. Rfc1 Qb6
22. Nhf3 Qxb7 23. Ba3 Bf5 24. Bf1 Be4 25. Ng5 f6 26. Nxe4 fxe5 27. Nc5 Nxc5 28.
Rxc5 exd4 29. exd4 Qb6 30. Re1 Rf7 31. Kg2 Rbf8 32. f4 g5 33. Bxb4 axb4 34. Re6
gxf4 35. Rexc6 Qb8 36. Ba6 fxg3 37. hxg3 Rf2+ 38. Qxf2 Rxf2+ 39. Kxf2 Bxd4+ 40.
Kg2 Bxc5 41. Rc8+ Qxc8 42. Bxc8 Kf7 43. a5 Kf6 44. g4 h6 45. Kg3 Bd6+ 46. Kh4
Bc5 47. a6 Ke5 48. Kh5 Be3 49. Kg6 Kd6 50. Bf5 e6 51. Bd3 e5 52. Kf5 e4 53. Bf1
Bb6 54. Kg6 Be3 55. Kf5 Bb6 56. Kg6 Be3 1/2-1/2

[Event "67th POL-ch"]
[Site "Warsaw POL"]
[Date "2011.02.12"]
[Round "1"]
[White "Krysztofiak, Marcin"]
[Black "Miton, Kamil"]
[Result "1/2-1/2"]
[WhiteElo "2449"]
[BlackElo "2616"]
[PlyCount "47"]
[EventDate "2011.02.12"]

1. Nf3 Nf6 2. g3 c5 3. Bg2 Nc6 4. O-O d5 5. d4 e6 6. c4 Be7 7. cxd5 exd5 8. Nc3
O-O 9. Bg5 c4 10. Ne5 Be6 11. f4 Ng4 12. Bxe7 Nxe7 13. Qd2 f6 14. Nxg4 Bxg4 15.
b3 cxb3 16. Rfb1 Qd7 17. Rxb3 Rfc8 18. a4 Rc7 19. a5 Rac8 20. e3 Bh3 21. Bf3
Bg4 22. Bg2 Bh3 23. Bf3 Bg4 24. Bg2 1/2-1/2

[Event "67th POL-ch"]
[Site "Warsaw POL"]
[Date "2011.02.12"]
[Round "1"]
[White "Jakubowski, Krzysztof"]
[Black "Markowski, Tomasz"]
[Result "1-0"]
[WhiteElo "2502"]
[BlackElo "2625"]
[PlyCount "63"]
[EventDate "2011.02.12"]

1. e4 e5 2. Nf3 Nc6 3. Bb5 a6 4. Ba4 Nf6 5. O-O Be7 6. Re1 b5 7. Bb3 d6 8. c3
O-O 9. h3 Na5 10. Bc2 c5 11. d4 Qc7 12. Nbd2 Bb7 13. d5 Bc8 14. b3 Bd7 15. Nf1
Nb7 16. g4 Rfc8 17. Ng3 g6 18. Nh2 c4 19. b4 a5 20. a3 axb4 21. cxb4 Ne8 22.
Kh1 Qd8 23. Rg1 Bg5 24. Nf5 Rc7 25. Nf3 f6 26. Nxg5 fxg5 27. Nh6+ Kg7 28. h4
gxh4 29. g5 Qe7 30. f4 exf4 31. Bxf4 Kh8 32. e5 1-0

[Event "67th POL-ch"]
[Site "Warsaw POL"]
[Date "2011.02.12"]
[Round "1"]
[White "Macieja, Bartlomiej"]
[Black "Piorun, Kacper"]
[Result "1-0"]
[WhiteElo "2636"]
[BlackElo "2513"]
[PlyCount "73"]
[EventDate "2011.02.12"]

1. d4 Nf6 2. c4 g6 3. Nc3 Bg7 4. e4 d6 5. Nf3 O-O 6. h3 e5 7. d5 Na6 8. Bg5 Qe8
9. g4 Kh8 10. Be2 Ng8 11. Rg1 Bd7 12. Qd2 f5 13. gxf5 gxf5 14. exf5 Bxf5 15.
Nh4 Bd7 16. Be3 Qe7 17. Nf3 Nc5 18. O-O-O Bf5 19. Rg5 Ne4 20. Nxe4 Bxe4 21. Nh4
Bf6 22. f3 Bg6 23. Nxg6+ hxg6 24. Rxg6 Rf7 25. Bd3 Rg7 26. Qg2 Qf7 27. Qg4 Ne7
28. Rxg7 Bxg7 29. Rg1 Bf6 30. Qd7 Rg8 31. Rg4 Qh5 32. Rxg8+ Nxg8 33. Qg4 Qh4
34. Qxh4+ Bxh4 35. Bxa7 b6 36. a4 Kg7 37. Bb8 1-0

[Event "67th POL-ch"]
[Site "Warsaw POL"]
[Date "2011.02.13"]
[Round "2"]
[White "Jakubowski, Krzysztof"]
[Black "Bartel, Mateusz"]
[Result "0-1"]
[WhiteElo "2502"]
[BlackElo "2617"]
[PlyCount "68"]
[EventDate "2011.02.12"]

1. e4 e6 2. d4 d5 3. Nc3 Bb4 4. e5 c5 5. a3 Bxc3+ 6. bxc3 Ne7 7. Nf3 Nbc6 8.
Rb1 Qc7 9. h4 Bd7 10. h5 h6 11. Be2 O-O-O 12. O-O f6 13. Bf4 c4 14. Qc1 g5 15.
exf6 gxf4 16. fxe7 Rdg8 17. Re1 Rh7 18. Bf1 Rxe7 19. Ne5 Nxe5 20. Rxe5 Rf7 21.
Qb2 Kb8 22. a4 Bc8 23. Qa3 Qd8 24. a5 f3 25. g3 Qh4 26. Qd6+ Ka8 27. Re3 Rf5
28. Rxb7 Bxb7 29. a6 Bxa6 30. Rxe6 Bb5 31. Rg6 Qd8 32. Rxg8 Qxg8 33. Bh3 Qf8
34. Qe6 Rg5 0-1

[Event "67th POL-ch"]
[Site "Warsaw POL"]
[Date "2011.02.13"]
[Round "2"]
[White "Dragun, Kamil"]
[Black "Mista, Aleksander"]
[Result "0-1"]
[WhiteElo "2432"]
[BlackElo "2565"]
[PlyCount "70"]
[EventDate "2011.02.12"]

1. e4 c5 2. Nf3 d6 3. d4 cxd4 4. Nxd4 Nf6 5. Nc3 a6 6. Bg5 e6 7. f4 Be7 8. Qf3
Qc7 9. O-O-O Nbd7 10. Bd3 h6 11. Bh4 g5 12. fxg5 Ne5 13. Qe2 Nfg4 14. Bg3 hxg5
15. Nf3 Bd7 16. Rhf1 Qc5 17. Kb1 Qe3 18. Nxe5 Qxe2 19. Nxe2 Nxe5 20. Nd4 g4 21.
Nb3 Bh4 22. Bxe5 dxe5 23. Na5 b5 24. Be2 Bd8 25. Nb7 Be7 26. Nd6+ Bxd6 27. Rxd6
Rxh2 28. Rfd1 Rxg2 29. Bf1 Rf2 30. c4 Ra7 31. c5 Ke7 32. b4 g3 33. Rb6 g2 34.
Bxg2 Rxg2 35. c6 Bc8 0-1

[Event "67th POL-ch"]
[Site "Warsaw POL"]
[Date "2011.02.13"]
[Round "2"]
[White "Kanarek, Marcel"]
[Black "Kempinski, Robert"]
[Result "1/2-1/2"]
[WhiteElo "2405"]
[BlackElo "2600"]
[PlyCount "91"]
[EventDate "2011.02.12"]

1. c4 g6 2. Nc3 Bg7 3. Nf3 c5 4. d4 cxd4 5. Nxd4 Nc6 6. e3 Nf6 7. Be2 O-O 8.
O-O d5 9. cxd5 Nxd5 10. Nxd5 Qxd5 11. Bf3 Qc5 12. Nxc6 bxc6 13. Qa4 Rb8 14. Rb1
Rb4 15. Qxc6 Qxc6 16. Bxc6 Rd8 17. a3 Rb6 18. Bf3 Ba6 19. Rd1 Rxd1+ 20. Bxd1
Bd3 21. Ra1 Bxb2 22. Bxb2 Rxb2 23. h4 e6 24. Rc1 Ra2 25. Rc3 Bb5 26. Bf3 h5 27.
Be4 Kg7 28. Bd3 Bxd3 29. Rxd3 Kf6 30. e4 Re2 31. Rd4 Ke5 32. Ra4 Re1+ 33. Kh2
Rxe4 34. Ra5+ Kf6 35. g3 Re2 36. Kg2 e5 37. Kf3 Re1 38. Rxa7 Ke6 39. a4 f6 40.
a5 Kf5 41. a6 e4+ 42. Kg2 Ra1 43. Ra8 Ra2 44. a7 e3 45. Re8 Rxa7 46. Rxe3
1/2-1/2

[Event "67th POL-ch"]
[Site "Warsaw POL"]
[Date "2011.02.13"]
[Round "2"]
[White "Miton, Kamil"]
[Black "Staniszewski, Piotr"]
[Result "1/2-1/2"]
[WhiteElo "2616"]
[BlackElo "2407"]
[PlyCount "80"]
[EventDate "2011.02.12"]

1. d4 Nf6 2. c4 e6 3. Nf3 b6 4. g3 Bb7 5. Bg2 Bb4+ 6. Bd2 c5 7. Bxb4 cxb4 8.
O-O a5 9. Qd3 O-O 10. Nbd2 d6 11. a3 bxa3 12. bxa3 Qc7 13. Rab1 e5 14. Qb3 Nbd7
15. e3 Rab8 16. Rfc1 Rfe8 17. Bh3 Ba8 18. Bg2 h6 19. Qd1 Nf8 20. Rb2 Ne6 21.
Nb1 Rbc8 22. Rbc2 Be4 23. Rc3 Ba8 24. Nbd2 Ne4 25. R3c2 Nf6 26. Bh3 Rcd8 27.
Rb2 exd4 28. exd4 Ng5 29. Bg2 Nge4 30. Nxe4 Bxe4 31. Bf1 d5 32. c5 bxc5 33.
Rxc5 Qa7 34. Be2 Bxf3 35. Bxf3 Ne4 36. Rc1 Rc8 37. Rbc2 Rxc2 38. Rxc2 Qb6 39.
Kg2 g6 40. Re2 Kg7 1/2-1/2

[Event "67th POL-ch"]
[Site "Warsaw POL"]
[Date "2011.02.13"]
[Round "2"]
[White "Swiercz, Dariusz"]
[Black "Macieja, Bartlomiej"]
[Result "1/2-1/2"]
[WhiteElo "2540"]
[BlackElo "2636"]
[PlyCount "60"]
[EventDate "2011.02.12"]

1. d4 Nf6 2. c4 e6 3. Nc3 Bb4 4. e3 O-O 5. Bd3 c5 6. Nf3 Nc6 7. O-O Bxc3 8.
bxc3 d6 9. e4 e5 10. d5 Ne7 11. Nh4 h6 12. f4 Ng6 13. Nxg6 fxg6 14. a4 a5 15.
Ra2 Bd7 16. Raf2 b6 17. f5 g5 18. g4 Nh7 19. h3 Kf7 20. Rh2 Qf6 21. Be3 Rab8
22. Kg2 Ke7 23. Rfh1 Kd8 24. Bc2 Kc7 25. Qd2 Be8 26. Qc1 Kb7 27. h4 Ka7 28.
hxg5 Nxg5 29. Bxg5 hxg5 30. Kg3 Bf7 1/2-1/2

[Event "67th POL-ch"]
[Site "Warsaw POL"]
[Date "2011.02.13"]
[Round "2"]
[White "Piorun, Kacper"]
[Black "Stoma, Pawel"]
[Result "1-0"]
[WhiteElo "2513"]
[BlackElo "2342"]
[PlyCount "61"]
[EventDate "2011.02.12"]

1. e4 c6 2. d4 d5 3. Nc3 dxe4 4. Nxe4 Bf5 5. Ng3 Bg6 6. h4 h6 7. Nf3 Nd7 8. h5
Bh7 9. Bd3 Bxd3 10. Qxd3 e6 11. Bd2 Ngf6 12. O-O-O Be7 13. Kb1 O-O 14. Ne4 c5
15. g4 Nxg4 16. Qe2 Qb6 17. Rdg1 f5 18. Nh2 Ngf6 19. Nxc5 Nxc5 20. dxc5 Bxc5
21. Bxh6 Bd4 22. c3 Ne4 23. Ka1 Nxc3 24. Qc2 Ne4 25. Bxg7 Bxg7 26. h6 Rac8 27.
Rxg7+ Kh8 28. Qd1 Qc6 29. Nf3 Nxf2 30. Qg1 Ng4 31. Ne5 1-0

[Event "67th POL-ch"]
[Site "Warsaw POL"]
[Date "2011.02.13"]
[Round "2"]
[White "Olszewski, Michal"]
[Black "Sadzikowski, Daniel"]
[Result "1-0"]
[WhiteElo "2532"]
[BlackElo "2389"]
[PlyCount "73"]
[EventDate "2011.02.12"]

1. e4 e5 2. Nf3 Nc6 3. Bb5 a6 4. Ba4 Nf6 5. O-O Be7 6. Re1 b5 7. Bb3 d6 8. c3
O-O 9. h3 Re8 10. d4 Bb7 11. Nbd2 Bf8 12. a3 h6 13. d5 Nb8 14. Nh2 Nbd7 15. Qf3
g6 16. Ndf1 Bg7 17. Ng4 Kh7 18. Ng3 Nxg4 19. hxg4 Rf8 20. Nf1 Bf6 21. Qh3 Bg5
22. g3 Bxc1 23. Raxc1 Qg5 24. Ne3 Nf6 25. Rf1 Nxe4 26. Bc2 Nd2 27. f4 Qe7 28.
Rf2 exf4 29. gxf4 Nc4 30. Re1 Rh8 31. Ng2 Qd7 32. f5 Ne5 33. fxg6+ fxg6 34. Nf4
Rhf8 35. Nxg6 Nxg6 36. Re6 Rxf2 37. Rxg6 1-0

[Event "67th POL-ch"]
[Site "Warsaw POL"]
[Date "2011.02.14"]
[Round "3"]
[White "Pakleza, Zbigniew"]
[Black "Dragun, Kamil"]
[Result "0-1"]
[WhiteElo "2495"]
[BlackElo "2432"]
[PlyCount "146"]
[EventDate "2011.02.12"]

1. d4 Nf6 2. Nf3 g6 3. Bf4 Bg7 4. e3 O-O 5. Be2 c5 6. c3 d6 7. h3 b6 8. O-O Bb7
9. a4 a6 10. Nbd2 Nbd7 11. Bg3 Ra7 12. Ne1 Qa8 13. Bf3 Ne4 14. Nxe4 Bxe4 15.
Bxe4 Qxe4 16. Qd3 Nf6 17. f3 Qa8 18. Nc2 Rc8 19. Rfe1 Rac7 20. Bf2 Qb7 21. Qe2
cxd4 22. exd4 Nd5 23. Qe4 e6 24. Bg3 Rc6 25. Ne3 Nxe3 26. Qxe3 d5 27. Be5 Bxe5
28. Qxe5 b5 29. axb5 axb5 30. h4 b4 31. h5 bxc3 32. bxc3 Qc7 33. Qf6 Qd8 34.
Qf4 Rxc3 35. h6 R3c7 36. Kh2 Qe7 37. Ra6 Rc6 38. Rxc6 Rxc6 39. Rb1 Rc8 40. Rb6
Kf8 41. Kh3 Qc7 42. Qxc7 Rxc7 43. Rb8+ Ke7 44. Rh8 Rc1 45. Rxh7 e5 46. Kh2 exd4
47. Rh8 d3 48. h7 d2 49. Rf8 d1=Q 50. h8=Q Qh1+ 51. Kg3 Qxh8 52. Rxh8 Rc7 53.
Kf4 Rc2 54. g4 Re2 55. Rh1 Kd6 56. Rd1 Re5 57. g5 Rf5+ 58. Kg4 Kc5 59. Rc1+ Kd4
60. Ra1 Kc3 61. Rc1+ Kd2 62. Rc7 d4 63. f4 d3 64. Kf3 f6 65. Kg4 fxg5 66. fxg5
Rd5 67. Kf4 Ke2 68. Re7+ Kf2 69. Ke4 Rd8 70. Rf7+ Ke2 71. Rh7 d2 72. Rh2+ Kf1
73. Rh1+ Kf2 0-1

[Event "67th POL-ch"]
[Site "Warsaw POL"]
[Date "2011.02.14"]
[Round "3"]
[White "Piorun, Kacper"]
[Black "Miton, Kamil"]
[Result "1-0"]
[WhiteElo "2513"]
[BlackElo "2616"]
[PlyCount "69"]
[EventDate "2011.02.12"]

1. e4 e5 2. Nf3 Nc6 3. Bb5 Nf6 4. O-O Nxe4 5. d4 Nd6 6. Bxc6 dxc6 7. dxe5 Nf5
8. Qxd8+ Kxd8 9. Nc3 h6 10. Rd1+ Ke8 11. h3 Ne7 12. Bf4 Ng6 13. Bh2 Be7 14. Nd4
Bd7 15. Re1 Bb4 16. e6 fxe6 17. Nxe6 Kf7 18. Nxc7 Rad8 19. Re4 Bxc3 20. bxc3
Bf5 21. Ra4 a6 22. Rb4 Bc8 23. Rd4 Rxd4 24. cxd4 Rd8 25. c3 Ne7 26. a4 Nd5 27.
Nxd5 cxd5 28. Rb1 Re8 29. Bd6 Re2 30. a5 g5 31. Be5 Rc2 32. Rb6 h5 33. Rf6+ Ke7
34. Rh6 g4 35. Rh7+ 1-0

[Event "67th POL-ch"]
[Site "Warsaw POL"]
[Date "2011.02.14"]
[Round "3"]
[White "Stoma, Pawel"]
[Black "Sadzikowski, Daniel"]
[Result "0-1"]
[WhiteElo "2342"]
[BlackElo "2389"]
[PlyCount "152"]
[EventDate "2011.02.12"]

1. e4 e5 2. Nf3 Nc6 3. Bb5 a6 4. Ba4 Nf6 5. d3 d6 6. c3 g6 7. Nbd2 Bg7 8. O-O
O-O 9. Bc2 d5 10. Re1 Re8 11. h3 h6 12. b4 d4 13. cxd4 Nxd4 14. Nxd4 Qxd4 15.
Rb1 Nh5 16. Nf3 Qd6 17. Be3 Be6 18. a4 Rad8 19. Qc1 g5 20. Bb3 c6 21. Rd1 Bxb3
22. Rxb3 Nf4 23. Qc2 Qe6 24. Kh2 Rc8 25. Rd2 Bf6 26. Qd1 Red8 27. Ng1 b5 28.
Rc3 Be7 29. Bc5 Bxc5 30. Rxc5 Qd6 31. axb5 axb5 32. Qb1 Ne6 33. Rc3 Nd4 34. Ne2
Ra8 35. Rc5 Ne6 36. Rc1 Ra4 37. Rb2 Rda8 38. Qc2 R8a6 39. Qd2 Ra3 40. Rc3 R3a4
41. Rc1 Ra3 42. Rc3 Nd4 43. Ng3 Rxc3 44. Qxc3 Ra4 45. Qd2 Kf8 46. Qd1 Ke8 47.
Qh5 Qg6 48. Qg4 Qe6 49. Nf5 Kd7 50. Nxh6 Qxg4 51. Nxg4 Ke6 52. f3 Ra3 53. Nf2
Kd6 54. Kg3 c5 55. bxc5+ Kxc5 56. Kg4 f6 57. g3 Ra1 58. Kh5 Rg1 59. Kg6 Rxg3
60. Kxf6 Nxf3 61. Ng4 b4 62. Rb3 Nd4 63. Rb1 b3 64. Nxe5 Kb4 65. Nd7 Rxd3 66.
e5 Rf3+ 67. Kxg5 Rxh3 68. Kf4 Rh4+ 69. Kg5 Re4 70. Kf6 Re2 71. Rd1 Rf2+ 72. Ke7
Nf5+ 73. Kd8 b2 74. e6 Re2 75. Rb1 Ka3 76. e7 Nxe7 0-1

[Event "67th POL-ch"]
[Site "Warsaw POL"]
[Date "2011.02.14"]
[Round "3"]
[White "Staniszewski, Piotr"]
[Black "Olszewski, Michal"]
[Result "0-1"]
[WhiteElo "2407"]
[BlackElo "2532"]
[PlyCount "96"]
[EventDate "2011.02.12"]

1. Nf3 Nf6 2. c4 g6 3. Nc3 d5 4. cxd5 Nxd5 5. e4 Nxc3 6. dxc3 Qxd1+ 7. Kxd1 Nd7
8. Bc4 Nc5 9. Ng5 e6 10. Be3 Be7 11. e5 Bd7 12. Bxc5 Bxc5 13. Ne4 Be7 14. Ke2
Bc6 15. Ke3 h5 16. Rad1 h4 17. f4 a5 18. g4 hxg3 19. hxg3 Rxh1 20. Rxh1 Bc5+
21. Kf3 O-O-O 22. Re1 Be7 23. Kg4 b5 24. Bf1 Rh8 25. Bh3 Bd5 26. a3 c5 27. Ng5
Bxg5 28. fxg5 Kd7 29. b4 Ke7 30. bxc5 Rc8 31. Bf1 Rxc5 32. Re3 Kd7 33. Kf4 Kc7
34. Kg4 Kb6 35. Kf4 Rc8 36. g4 Rh8 37. Rh3 Rc8 38. Be2 Bc4 39. Ke3 Bxe2 40.
Kxe2 Rc4 41. Rf3 Rxg4 42. Rxf7 Rxg5 43. Rf6 Rxe5+ 44. Kd3 g5 45. Kd4 Rd5+ 46.
Ke4 Kc5 47. Rxe6 Kc4 48. Rh6 Rc5 0-1

[Event "67th POL-ch"]
[Site "Warsaw POL"]
[Date "2011.02.14"]
[Round "3"]
[White "Kempinski, Robert"]
[Black "Jakubowski, Krzysztof"]
[Result "1-0"]
[WhiteElo "2600"]
[BlackElo "2502"]
[PlyCount "109"]
[EventDate "2011.02.12"]

1. d4 d5 2. Nf3 Nf6 3. c4 e6 4. Nc3 Nbd7 5. Bg5 Be7 6. e3 O-O 7. Be2 dxc4 8.
Bxc4 a6 9. a4 h6 10. Bh4 c5 11. O-O cxd4 12. exd4 Nb6 13. Bb3 Bd7 14. Ne5 Bc6
15. Re1 Nbd5 16. Rc1 Rc8 17. Bc2 Re8 18. Bxf6 Bxf6 19. Qd3 Nb4 20. Qh7+ Kf8 21.
Be4 Qxd4 22. Rcd1 Qxe5 23. Bxc6 Nxc6 24. Rxe5 Bxe5 25. Rd7 Ne7 26. Qd3 Rc7 27.
g3 Rxd7 28. Qxd7 b6 29. Qb7 Bd4 30. Qxa6 e5 31. Nb5 Bc5 32. b4 Bxb4 33. Qxb6
Nd5 34. Qb7 Rd8 35. Nc7 Nxc7 36. Qxb4+ Ke8 37. Qc5 Kd7 38. Qxe5 f6 39. Qd4+ Kc8
40. Qg4+ Rd7 41. Kg2 Ne8 42. a5 Kd8 43. Qb4 Nd6 44. Qb6+ Ke8 45. a6 Nc8 46. Qc5
Kd8 47. Kh3 Re7 48. Kg4 Na7 49. f4 Nc8 50. Kh5 Rd7 51. Kg6 Na7 52. h4 Nc8 53.
g4 Na7 54. Qf8+ Kc7 55. Qxg7 1-0

[Event "67th POL-ch"]
[Site "Warsaw POL"]
[Date "2011.02.14"]
[Round "3"]
[White "Wojtaszek, Radoslaw"]
[Black "Swiercz, Dariusz"]
[Result "1-0"]
[WhiteElo "2726"]
[BlackElo "2540"]
[PlyCount "79"]
[EventDate "2011.02.12"]

1. d4 Nf6 2. c4 e6 3. g3 d5 4. Bg2 Bb4+ 5. Nd2 O-O 6. Ngf3 dxc4 7. Qc2 Nc6 8.
Qxc4 Bd6 9. O-O Qe7 10. e4 e5 11. d5 Nb8 12. Qc2 Nbd7 13. Nc4 Nb6 14. Nxd6 cxd6
15. a4 Bg4 16. Nd2 Be2 17. Re1 Rac8 18. Qb1 Bh5 19. a5 Nbd7 20. b4 Bg6 21. Qd3
Nh5 22. Bh3 Rc7 23. Nf1 Ndf6 24. f3 h6 25. Ne3 Nh7 26. Bd2 Ng5 27. Bg2 Qd7 28.
Rac1 Rxc1 29. Rxc1 Nh3+ 30. Kf1 Ng5 31. Qc2 a6 32. Ke1 Qb5 33. Qc4 Qa4 34. h4
Nxe4 35. fxe4 Nxg3 36. Kf2 Nh5 37. b5 Qa3 38. Bb4 Qb2+ 39. Rc2 Qb1 40. Bxd6 1-0

[Event "67th POL-ch"]
[Site "Warsaw POL"]
[Date "2011.02.14"]
[Round "3"]
[White "Bartel, Mateusz"]
[Black "Gajewski, Grzegorz"]
[Result "1/2-1/2"]
[WhiteElo "2617"]
[BlackElo "2569"]
[PlyCount "61"]
[EventDate "2011.02.12"]

1. d4 Nf6 2. c4 e6 3. Nf3 d5 4. Nc3 Bb4 5. Qb3 c5 6. dxc5 Na6 7. e3 Qa5 8. Bd2
Nxc5 9. Qc2 Nce4 10. Rc1 Nxd2 11. Nxd2 Bd7 12. a3 Bxc3 13. Qxc3 Qxc3 14. Rxc3
Ke7 15. Bd3 Rhc8 16. Ke2 dxc4 17. Rxc4 Bb5 18. Rcc1 Bxd3+ 19. Kxd3 Rd8+ 20. Ke2
Rac8 21. Nb3 Ne4 22. f3 Nd6 23. Na5 Kd7 24. Rhd1 Rxc1 25. Rxc1 Rc8 26. Rxc8
Kxc8 27. Kd3 Kc7 28. e4 e5 29. Nc4 Nxc4 30. Kxc4 Kc6 31. b4 1/2-1/2

[Event "67th POL-ch"]
[Site "Warsaw POL"]
[Date "2011.02.15"]
[Round "4"]
[White "Pakleza, Zbigniew"]
[Black "Stoma, Pawel"]
[Result "1-0"]
[WhiteElo "2495"]
[BlackElo "2342"]
[PlyCount "75"]
[EventDate "2011.02.12"]

1. d4 d5 2. Bf4 Nf6 3. e3 c6 4. c4 a6 5. Nf3 Bf5 6. Nc3 e6 7. Ne5 Qb6 8. Qb3
Qxb3 9. axb3 Bc2 10. c5 Bxb3 11. Ra3 Bc2 12. Kd2 Bf5 13. Rb3 Nbd7 14. Rxb7 Nxe5
15. Bxe5 Nd7 16. Bg3 e5 17. Na4 Be7 18. Bd3 Bxd3 19. Kxd3 O-O-O 20. Rb3 Kc7 21.
dxe5 Nxc5+ 22. Nxc5 Bxc5 23. Rc1 Be7 24. e6+ Bd6 25. Rbc3 Bxg3 26. Rxc6+ Kb7
27. hxg3 fxe6 28. Rxe6 Rhe8 29. Rxe8 Rxe8 30. Rc5 Kb6 31. Rxd5 Kc6 32. Rd4 Rb8
33. Kc3 Rb7 34. Ra4 Rf7 35. f4 Kb5 36. Re4 Rf6 37. g4 Rg6 38. g5 1-0

[Event "67th POL-ch"]
[Site "Warsaw POL"]
[Date "2011.02.15"]
[Round "4"]
[White "Kanarek, Marcel"]
[Black "Swiercz, Dariusz"]
[Result "0-1"]
[WhiteElo "2405"]
[BlackElo "2540"]
[PlyCount "58"]
[EventDate "2011.02.12"]

1. d4 Nf6 2. c4 e6 3. Nc3 Bb4 4. e3 O-O 5. Bd3 d5 6. Nf3 c5 7. O-O Nc6 8. a3
Bxc3 9. bxc3 Qc7 10. h3 dxc4 11. Bxc4 e5 12. Ba2 e4 13. Nd2 Re8 14. a4 Be6 15.
Ba3 cxd4 16. cxd4 Qd7 17. Bxe6 Rxe6 18. Qb3 Nd5 19. Nb1 Rg6 20. Kh1 Rh6 21. Nc3
Nxd4 22. exd4 Rxh3+ 23. Kg1 Rxc3 24. Qb5 Qxb5 25. axb5 Rb3 26. Rfb1 Rxb1+ 27.
Rxb1 f6 28. Rc1 Kf7 29. f3 exf3 0-1

[Event "67th POL-ch"]
[Site "Warsaw POL"]
[Date "2011.02.15"]
[Round "4"]
[White "Sadzikowski, Daniel"]
[Black "Krysztofiak, Marcin"]
[Result "0-1"]
[WhiteElo "2389"]
[BlackElo "2449"]
[PlyCount "100"]
[EventDate "2011.02.12"]

1. e4 e5 2. Nf3 Nc6 3. Bb5 Nf6 4. O-O Nxe4 5. d4 Nd6 6. Bxc6 dxc6 7. dxe5 Nf5
8. Qxd8+ Kxd8 9. Nc3 Ke8 10. h3 h5 11. Bg5 Be7 12. Rad1 Be6 13. Rd2 Rd8 14.
Rfd1 Rxd2 15. Rxd2 h4 16. Ne2 Bd5 17. Bxe7 Kxe7 18. Nfd4 Nxd4 19. Rxd4 Be6 20.
Ra4 a6 21. Nd4 Rh5 22. Kf1 Bd5 23. f4 c5 24. Nf3 Bc6 25. Ra5 b6 26. Ra3 Rf5 27.
Kf2 Rxf4 28. Rxa6 Rf5 29. a4 Kd7 30. a5 b5 31. Ke3 Bb7 32. Ra7 Kc8 33. Rxb7
Kxb7 34. Ke4 Rh5 35. Kd5 f6 36. Kxc5 fxe5 37. Kd5 c5 38. Ke4 Ka6 39. Nxe5 Kxa5
40. Kf4 c4 41. Nf3 Rd5 42. Ke3 Rd1 43. Nxh4 Rb1 44. Kd2 Rxb2 45. Kc1 c3 46. Nf5
Rb4 47. Nxg7 Rf4 48. Kd1 Rf2 49. g4 Rd2+ 50. Kc1 Rh2 0-1

[Event "67th POL-ch"]
[Site "Warsaw POL"]
[Date "2011.02.15"]
[Round "4"]
[White "Miton, Kamil"]
[Black "Jakubowski, Krzysztof"]
[Result "1-0"]
[WhiteElo "2616"]
[BlackElo "2502"]
[PlyCount "51"]
[EventDate "2011.02.12"]

1. Nf3 c5 2. c4 Nc6 3. Nc3 e5 4. e3 Nf6 5. d4 cxd4 6. exd4 e4 7. Ne5 Bb4 8. Be2
Qa5 9. Nxc6 dxc6 10. O-O Bxc3 11. bxc3 Qxc3 12. Rb1 Qa5 13. Bd2 Qc7 14. Bb4 b6
15. Qa4 Nd7 16. Rfe1 f5 17. Bh5+ g6 18. Bd1 Kf7 19. c5 Bb7 20. Qb3+ Kg7 21. Bc3
Nf6 22. cxb6 Qf7 23. d5 cxd5 24. bxa7 Ba6 25. Qb6 Bd3 26. Qxf6+ 1-0

[Event "67th POL-ch"]
[Site "Warsaw POL"]
[Date "2011.02.15"]
[Round "4"]
[White "Dragun, Kamil"]
[Black "Macieja, Bartlomiej"]
[Result "0-1"]
[WhiteElo "2432"]
[BlackElo "2636"]
[PlyCount "56"]
[EventDate "2011.02.12"]

1. e4 c6 2. d4 d5 3. exd5 cxd5 4. c4 Nf6 5. Nc3 e6 6. Nf3 Bb4 7. Bd3 dxc4 8.
Bxc4 O-O 9. O-O b6 10. Bg5 Bb7 11. Rc1 Nbd7 12. Qe2 Be7 13. Rfd1 Re8 14. Ne5
Nd5 15. Bxe7 Rxe7 16. Nxd5 exd5 17. Ba6 Bxa6 18. Qxa6 Nxe5 19. dxe5 Rxe5 20.
Qb7 g6 21. Rc7 Qe8 22. Rf1 Rd8 23. Qxa7 d4 24. Qxb6 d3 25. Rcc1 d2 26. Rcd1 Re1
27. g3 Rd5 28. Qb3 Qe2 0-1